000
00271nam a22001217a 4500
008
170516b xxu||||| |||| 00| 0 eng d
041
_a
eng
080
_a
94
100
_a
16
101
_a
SHH
245
_a
A CONCISE HISTORY OF IRELAND
_c
O'BRIEN, C.C
942
_2
udc
_c
BK
999
_c
13458
_d
13458